000 00454cam a2200181ua 4500
020 _c45.00
041 _aeng
_h
082 _a005.369
_bCOL/LE
100 _aColoumbus, Louis .
245 _aLearn Harvard graphics 3.0 in a day /
_cLouis Coloumbus.
_hTextual Documents
250 _a1 /
_b.
260 _aNew Delhi :
_bB P B Publishers ,
_c1992.
300 _a120 ; .
365 _a45.00
504 _a
942 _cBK
999 _c9804
_d9804